| 000 | 00626nam a2200205 a 4500 | ||
|---|---|---|---|
| 001 | 000017327 | ||
| 005 | 20240530073918.0 | ||
| 008 | 100322s2002 dr 000 f spa d | ||
| 020 | _z9993432024 | ||
| 040 |
_aDO-SdBNP _bspa _cBNPHU |
||
| 082 |
_aRD863.44 _bV443an |
||
| 100 | 1 |
_aVeloz Maggiolo, Marcio, _d1936-2021 _91104 |
|
| 245 | 1 | 4 |
_aLos ángeles de hueso / _cMarcio Veloz Maggiolo. |
| 260 |
_aSanto Domingo : _bCole, _c2002. |
||
| 300 |
_a110 p. ; _c21 cm. |
||
| 500 | _aInventariado, 2020 /LP | ||
| 650 | 0 |
_aNovela dominicana _9223 |
|
| 650 | 0 |
_aLiteratura dominicana. _967 |
|
| 910 | _aValidado. Control de calidad MFF | ||
| 999 |
_c16852 _d16852 |
||